| 000 | 00497nam a2200205Ia 4500 | ||
|---|---|---|---|
| 008 | 170918s9999 xx 000 0 und d | ||
| 020 | _a9780545609760 | ||
| 050 | _bB496 2014 | ||
| 100 | _aBerger, Melvin | ||
| 245 | _aUgly cute animals / | ||
| 245 | _cMelvin Berger and Gilda Berger. | ||
| 260 | _aNew York : | ||
| 260 | _bScholastic, | ||
| 260 | _c2014 | ||
| 300 | _a32 pages : | ||
| 300 | _bcolored illustration ; | ||
| 300 | _c23cm. | ||
| 440 | _aLevel 2 reader. | ||
| 500 | _a780 | ||
| 999 |
_c341918 _d341918 |
||